000 00746nam a2200241 a 4500
001 BRL_1640
005 20190320211313.0
008 070116s1939----mx-a######---#000-0#spa-#
041 _aspa
044 _amx
050 4 _aND253
_b.V44 1939
100 1 _aVelázquez Chávez, Agustín
_911905
245 1 0 _aTres siglos de pintura colonial mexicana
_cAgustín Velázquez Chávez.
260 _aMéxico
_bPolis
_c1939
300 _a368 p.
_bil. (algunas a color)
_c24 cm.
500 _aAu1839
500 _aVer también número de sistema 4735 perteneciente al Fondo General Franz Mayer
504 _aBibliografía: p. 355-[369]
650 1 4 _aPintura mexicana
_93715
650 1 4 _aPintores mexicanos
_94220
902 _aGRL
942 _2lcc
_cB
999 _c10449
_d10449